| 000 | 00425nam a2200157Ia 4500 | ||
|---|---|---|---|
| 008 | 230312s9999||||xx |||||||||||||| ||und|| | ||
| 020 | _a1-4051-1998-5 | ||
| 082 |
_a658.4 _bGRA-C |
||
| 100 | _aGrant,Robert.M | ||
| 245 | 0 | _aContemporary Strategy Analysis | |
| 260 |
_bBlack Well Publishing _aUSA _c2005 |
||
| 300 | _a548 | ||
| 546 | _aEng. | ||
| 650 |
_aAccounting _vConcept of Strategy,Tools of Strategy Analysis |
||
| 942 | _cBK | ||
| 999 |
_c594 _d594 |
||